000 00696nam a22002777a 4500
005 20250912165200.0
008 180827b xxu||||| |||| 00| 0 spa d
020 _a9789968483605
041 _aESP
082 _aCR 862.4 D633b
100 _aDobles, Fabián
_92351
245 _aEl barrilete y la pesadilla
260 _aCosta Rica
260 _bEUNED
260 _c2017
300 _a120 páginas
490 _aTemática General
490 _aTeatro Clásico y Contemporáneo
650 _aTEMÁTICA GENERAL
650 _aTEATRO COSTARRICENSE
650 _aLITERATURA COSTARRICENSE
650 _aCRÍTICA
650 _aIRONÍA
650 _aCOSTA RICA
942 _cLIT
_2ddc
999 _c11054
_d11054